000 00576nam a2200181 i 4500
001 20234
003 ES-MaACL
005 20230906152247.0
007 t|
008 021108s1980 sp ||||1| spa d
100 1 _aAguirre, José Fernando.
_918824
245 1 3 _aLa segunda guerra mundial /
_cJosé Fernando Aguirre ; prólogo de Arnold Toynbee.
260 _aBarcelona :
_bArgos Vergara,
_c[1980]
300 _a3 v. :
_bil. ;
_c34 cm.
650 0 4 _aGuerra mundial, 1939-1945.
_913228
700 1 _aToynbee, Arnold Joseph.
_9111194
852 _aES-MaACL
_jL-459-61
_bR.101235
999 _c20234
_d20234